Spot the Imposter - Country Borders - Statistics

General Stats
  • This quiz has been taken 35 times
  • The average score is 11 of 20
Answer Stats
Question Answer % Correct
Mexico Costa Rica
100%
Afghanistan India
100%
France Ireland
100%
Oman Qatar
100%
Eritrea Somalia
100%
Vietnam Thailand
100%
Indonesia Brunei
67%
Ukraine Bulgaria
67%
Burkina Faso Liberia
67%
Paraguay Peru
67%
Chile Brazil
33%
Austria Croatia
33%
Mozambique Democratic Republic of the Congo
33%
Jordan Egypt
33%
Russia Germany
33%
Montenegro Greece
33%
Spain Italy
33%
Armenia Russia
33%
Cameroon Niger
0%
Namibia Zimbabwe
0%
No matching quizzes found
Score Distribution
Percent of People with Each Score
Percentile by Number Answered
Your Score History
You have not taken this quiz